| 000 | 00596nam a2200193 a 4500 | ||
|---|---|---|---|
| 005 | 20230315063913.0 | ||
| 008 | 031006s1990 es r 000 0 spa d | ||
| 020 | _a847046471X | ||
| 035 | _aUPN01000129592 | ||
| 049 | _aCG | ||
| 050 | 4 |
_aLB2343 _bC2.3 |
|
| 100 | 1 |
_aCastillo Arredondo, Santiago _936342 |
|
| 245 | 1 | 0 |
_aEvaluación de la eficacia del consejo orientador / _cSantiago Castillo Arredondo. |
| 260 |
_aMadrid : _bCincel-Kapelusz, _c[199-]. |
||
| 300 | _a224 p. | ||
| 440 | 0 |
_aBiblioteca de psicología y educación ; _v11 |
|
| 650 | 4 |
_aOrientación vocacional _95 |
|
| 905 | _aLibro | ||
| 999 |
_c101764 _d101764 |
||